| 000 | 00656nam a22002177a 4500 | ||
|---|---|---|---|
| 003 | URS | ||
| 005 | 20250324232626.0 | ||
| 008 | 250324t2023 ph ||||| |||| 00| 0 eng d | ||
| 020 | _a9789719655398 | ||
| 040 |
_aDLC _beng _cDLC _dDLC _dURS _erda |
||
| 082 |
_a658.4033 _bSt2961 2023 |
||
| 100 |
_aSirug, Winston S. _eauthor |
||
| 245 |
_aStatistical analysis for business / _cWinston S. Sirug |
||
| 264 |
_aPhilippines : _bMindshapers Co., Inc., _c[2023] |
||
| 300 |
_ax, 396 pages ; _c25 cm |
||
| 336 |
_2rdacontent _atext _btxt |
||
| 337 |
_2rdamedia _aunmediated _bn |
||
| 338 |
_2rdacarrier _avolume _bnc |
||
| 650 | _aBusiness Statistics. | ||
| 942 |
_2ddc _cF |
||
| 999 |
_c82436 _d82435 |
||